书目信息 |
| 题名: |
中国古典诗词精品赏读
|
|
| 作者: | 董森 , 杨哲 编著 | |
| 分册: | 苏轼 | |
| 出版信息: | 北京 五洲传播出版社 2006 |
|
| 页数: | 132页 | |
| 开本: | 23cm | |
| 丛书名: | ||
| 单 册: | ||
| 中图分类: | I207.23 , I207.2 | |
| 科图分类: | ||
| 主题词: | 古典诗歌--鉴赏--中国 , 古典诗歌 , 宋词 | |
| 电子资源: | ||
| ISBN: | 7-5085-0795-9 | |
| 000 | 01026nam0 2200289 450 | |
| 001 | 003038377 | |
| 005 | 20070801170447.67 | |
| 010 | @a7-5085-0795-9@dCNY28.00 | |
| 100 | @a20050119d2006 em y0chiy0110 ea | |
| 101 | 0 | @achi |
| 102 | @aCN@b110000 | |
| 105 | @aa z 000yy | |
| 200 | 1 | @a中国古典诗词精品赏读@9zhong guo gu dian shi ci jing pin shang du@i苏轼@f董森,杨哲编著 |
| 210 | @a北京@c五洲传播出版社@d2006 | |
| 215 | @a132页@c图@d23cm | |
| 330 | @a本书包括诗人小传与作品赏析两部分,收入宋代诗人苏轼的词作,每首作品的鉴赏分为题解、句解和评解三个章节,并配以当代画家根据诗词意境绘制的中国画,通过这些诗、画,可以更深刻地领悟到中国古代艺术作品中的诗情画意。 | |
| 600 | 0 | @a苏轼@f(1036~1101)@x宋词@x鉴赏 |
| 600 | 0 | @a苏轼@f(1036~1101) |
| 606 | 0 | @a古典诗歌@x鉴赏@y中国 |
| 606 | 0 | @a古典诗歌 |
| 606 | 0 | @a宋词 |
| 690 | @aI207.23@v4 | |
| 690 | @aI207.2@v4 | |
| 701 | 0 | @a董森@9dong sen@c(文学)@4编著 |
| 701 | 0 | @a杨哲@9yang zhe@c(文学)@4编著 |
| 801 | 0 | @aCN@bNLC@c20070801 |
| 905 | @a10447@dI207.2@e759 | |
| 中国古典诗词精品赏读.苏轼/董森,杨哲编著.-北京:五洲传播出版社,2006 |
| 132页:图;23cm |
| ISBN 7-5085-0795-9:CNY28.00 |
| 本书包括诗人小传与作品赏析两部分,收入宋代诗人苏轼的词作,每首作品的鉴赏分为题解、句解和评解三个章节,并配以当代画家根据诗词意境绘制的中国画,通过这些诗、画,可以更深刻地领悟到中国古代艺术作品中的诗情画意。 |
| ● |
| 相关链接 |
|
|
|
|
正题名:中国古典诗词精品赏读
索取号:I207.2/759
 
预约/预借
| 序号 | 登录号 | 条形码 | 馆藏地/架位号 | 状态 | 备注 |
| 1 | 0800409 | 208004096 | 第一样本阅览室/ [索取号:I207.2/759] | 在馆 | |
| 2 | 0800410 | 208004103 | 第二借阅区/ [索取号:I207.2/759] | 在馆 | |
| 3 | 0800411 | 208004112 | 第二借阅区/ [索取号:I207.2/759] | 在馆 | |
| 4 | 0800412 | 208004121 | 第二借阅区/ [索取号:I207.2/759] | 在馆 | |
| 5 | 0800413 | 208004130 | 第二借阅区/ [索取号:I207.2/759] | 在馆 | |
| 6 | 0800414 | 208004149 | 第二借阅区/ [索取号:I207.2/759] | 在馆 | |
| 7 | 0800415 | 208004158 | 第二借阅区/ [索取号:I207.2/759] | 在馆 | |
| 8 | 0800416 | 208004167 | 第二借阅区/ [索取号:I207.2/759] | 在馆 | |
| 9 | 0800417 | 208004176 | 第二借阅区/ [索取号:I207.2/759] | 在馆 | |
| 10 | 0800418 | 208004185 | 第二借阅区/ [索取号:I207.2/759] | 在馆 |